书目信息 |
| 题名: |
近景魔术
|
|
| 作者: | 亚北 主编 ;大平 , 若一 , 曾今 编写 | |
| 分册: | ||
| 出版信息: | 北京 北京体育大学出版社 2006 |
|
| 页数: | 152页 | |
| 开本: | 21cm | |
| 丛书名: | ||
| 单 册: | ||
| 中图分类: | J828 | |
| 科图分类: | ||
| 主题词: | 魔术--基本知识 , 魔术 | |
| 电子资源: | ||
| ISBN: | 7-81100-504-2 | |
| 000 | 00988nam0 2200313 450 | |
| 001 | 070730000056 | |
| 005 | 20071015103822.44 | |
| 010 | @a7-81100-504-2@dCNY26.00 | |
| 035 | @a003229954 | |
| 100 | @a20060104d2006 em y0chiy0110 ea | |
| 101 | 0 | @achi |
| 102 | @aCN@b110000 | |
| 105 | @aa z 000yy | |
| 200 | 1 | @a近景魔术@Ajin jing mo shu@e魔术其实很简单@f亚北主编@g大平,若一,曾今编写 |
| 210 | @a北京@c北京体育大学出版社@d2006 | |
| 215 | @a152页@c图@d21cm | |
| 312 | @a封面英文题名:Social shot magic | |
| 330 | @a本书非常直观的介绍了近景魔术的运用手法,包括扑克魔术、钱币魔术、数字魔术等内容。 | |
| 510 | 1 | @aSocial shot magic@zeng |
| 517 | 1 | @a魔术其实很简单@Amo shu qi shi hen jian dan |
| 606 | 0 | @a魔术@x基本知识 |
| 606 | 0 | @a魔术 |
| 690 | @aJ828@v4 | |
| 701 | 0 | @a亚北@Aya bei@c(魔术)@4主编 |
| 702 | 0 | @a大平@Ada ping@c(魔术)@4编写 |
| 702 | 0 | @a若一@Aruo yi@c(魔术)@4编写 |
| 702 | 0 | @a曾今@Azeng jin@4编写 |
| 801 | 0 | @aCN@c20071015 |
| 905 | @dJ828@eY018 | |
| 近景魔术:魔术其实很简单/亚北主编/大平,若一,曾今编写.-北京:北京体育大学出版社,2006 |
| 152页:图;21cm |
| ISBN 7-81100-504-2:CNY26.00 |
| 本书非常直观的介绍了近景魔术的运用手法,包括扑克魔术、钱币魔术、数字魔术等内容。 |
| ● |
| 相关链接 |
|
|
|
正题名:近景魔术
索取号:J828/Y018
 
预约/预借
| 序号 | 登录号 | 条形码 | 馆藏地/架位号 | 状态 | 备注 |
| 1 | 650113 | 206501132 | 社科库309/ [索取号:J828/Y018] | 在馆 | |
| 2 | 650114 | 206501141 | 社科库309/309社科库 96排2列3层/ [索取号:J828/Y018] | 在馆 | |
| 3 | 650115 | 206501150 | 社科库309/504自科库 26排1列2层/ [索取号:J828/Y018] | 在馆 |